Old Testament Bible Characters - Sudden Death - Statistics

General Stats
  • This quiz has been taken 78 times
    62 since last reset
  • The average score is 16 of 20
Answers on the Grid
Answers color-coded by a green-red scale on the quiz's grid according to % correct below.
Adam
Abraham
Noah
Isaac
Jacob
Joseph
Joshua
Moses
Aaron
Samuel
David
Solomon
Jonah
Daniel
Job
Hannah
Samson
Gideon
Ruth
Elijah
Lazarus
Jesus
Mary
Peter
Andrew
John
Herod
Judas
Stephen
Pilate
 
Answer Stats
Answer % Correct
David
91%
Job
91%
Abraham
88%
Adam
88%
Isaac
88%
Samson
88%
Solomon
88%
Moses
86%
Noah
86%
Aaron
81%
Jacob
81%
Daniel
79%
Elijah
79%
Jonah
79%
Ruth
79%
Gideon
77%
Samuel
77%
Joshua
74%
Hannah
60%
Joseph
60%
No matching quizzes found
Score Distribution
Percent of People with Each Score
Percentile by Number Answered
Your Score History
You have not taken this quiz since the last reset